000 00667nam a2200217Ia 4500
003 OSt
005 20230516150823.0
008 210423s2014 xx 000 0 und d
020 _a978-81-8484-369-9
040 _cAL
041 _aeng
082 _a368 SHAI
100 _aSHARMA (K .C);GHALAVAND (Kiyanoush)
_9105749
245 _aInsurance management: fundamental concepts, procedures and practices
260 _aNew Delhi
_bRegal Publications
_c2014
300 _axiv,333p
_bHB
365 _b1580
_cINR
650 _aInsurance
_9105750
906 _aconcepts, ; funamental ; fundamental ; Insurance ; management: ; practices ; procedures
942 _2ddc
_cBK
999 _c166436
_d166436